01561nam a2200361 i 4500003000900000005001700009008004100026020002500067020002200092040004300114043002100157082002300178100004500201245011000246264004700356300004700403336002600450337002800476338002700504490004800531504005200579650004000631650005300671650005200724650001000776651003900786653002500825655001700850942001200867999001500879952013300894952017201027EG-ScBUE20230326094058.0160229s2006 enka f b 001 0 eng d a9781845111915 (pbk.) a1845111915 (pbk.) aEG-ScBUEbengerdacEG-ScBUEdEG-ScBUE ama-----an-us---04a791.43658bKHA2221 aKhatib, Lina q(Lina H.)eauthor.93803510aFilming the modern Middle East :bpolitics in the cinemas of Hollywood and the Arab world /cLina Khatib. 1aLondon ;aNew York :bI. B. Tauris,c2006. aviii, 242 pages :billustrations ;c24 cm. 2rdacontentatextbtxt 2rdamediaaunmediatedbn 2rdacarrieravolumebnc0 aLibrary of modern Middle East studies ;v57 aIncludes bibliographical references and index.  7aPolitics in motion pictures.2BUEsh 7aMotion pictureszArab countriesxHistory.2BUEsh 7aMotion pictureszUnited StatesxHistory.2BUEsh 2BUEsh 7aMiddle EastxIn mass media.2BUEsh bCOMAMEcFebruary2016 vReading book cNB2ddc c5054d5054 00102ddc40708BaccahaMAINbMAINc2NDd2011-10-07ePurchasel0o791.43658 KHAp000006305r2025-07-15 00:00:00w2007-10-11yNB 00102ddc40708BaccahaMAINbMAINc2NDd2016-02-29ePurchaseg180.00h13755l1m36o791.43658 KHAp000031759r2025-07-15 00:00:00s2016-10-08v225.00w2016-02-29yBB